Spolupráca cestovných kancelárií a cestovných agentúr v predaji zájazdov diplomová práca

Enregistré dans:
Détails bibliographiques
Auteur principal: Dianová, Romana
Collectivité auteur: Obchodná fakulta EU. Katedra služieb a cestovného ruchu - zrušené
Autres auteurs: Novacká, Ľudmila, 1953-
Format: Livre
Langue:slovaque
Publié: Bratislava 2021
Tags: Ajouter un tag
Pas de tags, Soyez le premier à ajouter un tag!

MARC

LEADER 00000nbm a2200000 4500
001 0274413
005 20220203143600.9
041 0 |a slo 
044 |a SK 
245 1 0 |a Spolupráca cestovných kancelárií a cestovných agentúr v predaji zájazdov  |b diplomová práca  |c Romana Dianová ; školiteľ: Ľudmila Novacká 
264 1 |a Bratislava  |c 2021 
300 |a 80 s. 
100 1 |a Dianová, Romana 
700 1 |a Novacká, Ľudmila, 1953- 
710 2 |a Obchodná fakulta EU. Katedra služieb a cestovného ruchu - zrušené